| 000 | 01374nam0a2200337 4500 | ||
|---|---|---|---|
| 001 | RU\NLR\BIBL_A\022666194 | ||
| 005 | 20260409003050.0 | ||
| 035 | _a(NLR Aleph) 022666194 | ||
| 090 |
_a13649636 _c13649636 |
||
| 100 | _a20251114d1973 m y0rusy50 ca | ||
| 101 | 0 |
_aeng _arus |
|
| 102 | _aRU | ||
| 105 | _aa z 000yy | ||
| 181 | 0 |
_ai2 _baxxe |
|
| 181 | 0 |
_ab3 _baxxe |
|
| 182 | 0 | _an | |
| 200 | 1 |
_aPissarro _dПиссарро _e[an album _fessay by Mikhail Guerman] _zrus |
|
| 203 |
_aТекст _aИзображение _bвизуальные _cнепосредственные |
||
| 210 |
_aLeningrad _cAurora _d1973 |
||
| 215 |
_a28, [3] с., [8] л. цв. ил. _d33 |
||
| 225 | 1 |
_aMasters of world painting _dМастера мировой живописи _zrus |
|
| 300 | _aТекст парал. на англ. и рус. яз. | ||
| 510 | 1 |
_aПиссарро _zrus |
|
| 600 | 1 |
_aПиссарро _bК. _f1830 - 1903 _gКамиль _jАльбомы _91087220 _3RU\NLR\AUTH\66425871 |
|
| 686 | 1 | _aЩ143(4Фр)5-8Писсарро я61 | |
| 700 | 1 |
_4570 _7ba _8fre _aPissarro _bC. _cхудожник _f1830-1903 _gCamille _9257632 _3RU\NLR\AUTH\770257688 |
|
| 702 | 1 |
_4570 _7ba _8rus _aGerman _bM. J. _f1933-2018 _gMichail Jur'evič _9144890 _3RU\NLR\AUTH\770144926 |
|
| 942 | _cBOOK | ||
| 980 | _aNB | ||